Statistics for Countries that Produce the Most Cherries

Click here to take the quiz!

General Stats

  • This quiz has been taken 25 times
  • The average score is 14 of 20

Answer Stats

Production
(metric tonnes)
Country% Correct
36,845France
96%
514,086United States
96%
245,914Russia
91%
38,897China
87%
125,850Italy
87%
114,803Spain
87%
809,006Turkey
83%
243,130Ukraine
83%
52,497Bulgaria
78%
90,300Greece
78%
91,264Poland
78%
244,847Iran
74%
55,490Romania
74%
85,838Hungary
70%
118,982Serbia
65%
126,767Chile
43%
193,678Uzbekistan
35%
36,791Albania
30%
68,518Syria
30%
46,371Azerbaijan
26%

Score Distribution

Percentile by Number Answered

Percent of People with Each Score

Your Score History

You have not taken this quiz